000 00945nam a2200241 i 4500
001 53304
003 ES-MaACL
005 20250903065905.0
007 t|
008 950915s1887 it ||||1| ita d
040 _aCAM
_bspa
_cCAM
100 1 _aDziatzko, Carlo.
_946424
245 1 0 _aRegole per il catalogo alfabetico a schede della Reale Biblioteca Universitaria di Breslavia /
_ccompilate dal Dr Carlo Dziatzko; prima versione dal tedesco con aggiunte e correzioni dell'autore a cura di Angelo Bruschi.
260 _aIn Firenze :
_bG.C. Sansoni,
_c1887.
300 _aVII, 110 p. ;
_c23 cm.
490 1 _aBiblioteca di bibliografia e paleografia
650 0 7 _aBiblioteconomía
_2embne
_910554
700 1 _aBruschi, Angelo.
_932225
710 2 _aReale Biblioteca Universitaria di Breslavia.
_96407
830 0 0 _aBiblioteca di bibliografia e paleografia
_9182513
852 _aES-MaACL
_jF-2281
999 _c53304
_d53304